KOHA-Header-6

تاریخ یوسفی ١٨٣٧ - ١٨٣٨ (Record no. 13690)

000 -LEADER
fixed length control field 00476nam a22001457a 4500
020 ## - INTERNATIONAL STANDARD BOOK NUMBER
ISBN 9693515994
082 ## - DEWEY DECIMAL CLASSIFICATION NUMBER
Classification number 910.4
Item number ی وس
100 ## - MAIN ENTRY--AUTHOR NAME
Personal name یوسف خان کمبل پوش
245 ## - TITLE STATEMENT
Title تاریخ یوسفی ١٨٣٧ - ١٨٣٨
260 ## - PUBLICATION, DISTRIBUTION, ETC. (IMPRINT)
Place of publication لاہور
Name of publisher سنگ میل پبلیکیشنز
Year of publication ٢٠٠٤
300 ## - PHYSICAL DESCRIPTION
Number of Pages ٤٨٨ صفحات
650 ## - SUBJECT ADDED ENTRY--TOPICAL TERM
Topical Term Urdu Literature
-- Tareekh-e-Yousufi
-- Yousuf Khan Kambal Posh
700 ## - ADDED ENTRY--PERSONAL NAME
Personal name محمّد اکرم چغتائی
942 ## - ADDED ENTRY ELEMENTS (KOHA)
Koha item type Books
Holdings
Withdrawn status Lost status Collection code Permanent Location Current Location Shelving location Date acquired Full call number Accession Number Koha item type
    Urdu Literature MAJU MAJU Shelf No.A12 2023-01-19 910.4 ی وس 10781 Books

Powered by Koha